| 000 | 00399nam a2200145 i 4500 | ||
|---|---|---|---|
| 001 | 40946 | ||
| 003 | ES-MaACL | ||
| 007 | t| | ||
| 008 | 030307s1934 gw ||||1| ger d | ||
| 100 | 1 |
_aCarossa, Hans. _935422 |
|
| 245 | 1 | 0 |
_aEine Kindheit und Verwandlungen einer Jugend / _cHans Carossa. |
| 260 |
_aLeipzig : _bInsel-Verlag, _c[1934] |
||
| 300 |
_a7-380 p. ; _c21 cm. |
||
| 852 |
_aES-MaACL _jB-9183 |
||
| 999 |
_c40946 _d40946 |
||